=LDR 00000nam 2200000 4500 =001 INLIS000000000035580 =005 20201005091537 =035 ##$$a 0010-061300000035580 =008 201005###########################0#ind## =041 ##$$a ind =082 ##$$a 315.98 =090 ##$$a 315.98, Bad s =245 ##$$a Statistik Indonesia, Statistical year book of Indonesia 2008/Badan Pusat Statistik; Penyunting, SubDirektorat Indikator Statistik =260 ##$$a 2008 :$b Jakarta =300 ##$$a 610 hlm., Ilus., 28 cm =650 #4$$a Indonesia - Statistik =700 #$$a Sub Direktorat Indikator Statistik =850 ##$$a NBPNMAT